Asian Cities - Sudden Death - Statistics

General Stats
  • This quiz has been taken 1,486 times
  • The average score is 4 of 18
Answers on the Grid
Answers color-coded by a green-red scale on the quiz's grid according to % correct below.
Hohhot
Mashhad
Ryazan
Berat
Port Blair
Samarkand
Varna
Faiyum
Shkoder
Erbil
Kyzyl
Omsk
Kahramanmaraş
Edirne
Incheon
Tangshan
El Nido
Koror City
Isfahan
Mysore
Kandy
Faisalabad
Cumilla
Matsuyama
Aden
Hargeisa
Astrakhan
Burgas
Benghazi
Nouadhibou
Cádiz
Aswan
Kano
Lae
Douala
Kununurra
 
Answer Stats
Answer % Correct
Incheon
47%
Faisalabad
44%
Isfahan
41%
Omsk
33%
Samarkand
33%
Aden
29%
Erbil
28%
Mashhad
28%
Matsuyama
22%
Mysore
21%
Tangshan
19%
Kandy
17%
Kahramanmaraş
16%
Hohhot
13%
Kyzyl
12%
Port Blair
9%
El Nido
5%
Cumilla
3%
No matching quizzes found
Score Distribution
Percent of People with Each Score
Percentile by Number Answered
Your Score History
You have not taken this quiz